| 000 | 00655nam a2200169 i 4500 | ||
|---|---|---|---|
| 001 | 84849 | ||
| 003 | ES-MaACL | ||
| 005 | 20230906175125.0 | ||
| 007 | t| | ||
| 008 | 041124s1982 sp ||||1| spa d | ||
| 111 | 2 |
_aJornadas sobre el Futuro de la Auditoría en España ( _d1981. _cMadrid) _9860 |
|
| 245 | 1 | 3 |
_aEl futuro de la auditoría en España / _cJornadas sobre el Futuro de la Auditoría en España, 1981, Madrid ; dirección y coordinación, Leandro Cañibano. |
| 260 |
_a[Madrid] : _bFundación Universidad Empresa, _c[1982] |
||
| 300 |
_a302 p. ; _c22 cm. |
||
| 700 | 1 |
_aCañibano Calvo, Leandro. _934753 |
|
| 852 |
_aES-MaACL _jL-2613 _bR.103365 |
||
| 999 |
_c84849 _d84849 |
||